|
|
|
|
| LEADER |
00000nas a2200000 i 4500 |
| 001 |
in00000011097 |
| 005 |
20251126081454.6 |
| 002 |
АВ3Р/1998/2 |
| 008 |
081006u19?? rur l000 0yrus d |
| 035 |
|
|
|a ( UA-KiNSAL)АВ3Р/1998/2
|
| 040 |
|
|
|a UA-KiNSAL
|b ukr
|c UA-KiNSAL
|
| 090 |
|
|
|
| 245 |
0 |
0 |
|a NJ
|
| 260 |
|
|
|a Б.м.
|
| 530 |
|
|
|a Original record
|u https://kubg.libs.net.ua/kubg_recs/0000031624.txt
|
| 942 |
|
|
|2 UDC
|c JOURNAL
|
| 952 |
|
|
|a XP
|b книга
|d ХР
|z 20150217
|i 1
|p Jv0034526
|j АВ3Р/1998/2
|o
|h 1998, № 2
|c 1
|
| 920 |
|
|
|a NJ
|
| 961 |
|
|
|a 691
|
| 991 |
0 |
0 |
|a АВ3Р/1998/2
|
| 997 |
|
|
|a 0000031624
|
| 998 |
|
|
|a 31624
|
| 999 |
f |
f |
|i e82c7d05-bfe3-4100-8823-627b00edaa48
|s 42214d05-1245-4dd8-b36f-54424e7e93d5
|t 0
|
| 952 |
f |
f |
|p Може видаватися
|a Національна наукова сільськогосподарська бібліотека
|b Центральна будівля
|c ННСБ всі підрозділи
|d Відділ зберігання
|t 0
|e АВ3Р/1998/2
|i книга
|m Jv0034526
|n 1
|